| 000 | 00924nam a2200301 a 4500 | ||
|---|---|---|---|
| 005 | 20191224041622.0 | ||
| 008 | 140304b xxu||||| |||| 00| 0 spa d | ||
| 040 |
_aCO-BoIAVH _cCO-BoIAVH |
||
| 041 | _aspa | ||
| 044 | _ack | ||
| 090 |
_aLB _b01894 |
||
| 110 |
_bCity Oriente Ltda _914397 |
||
| 245 |
_aEstudio de impacto ambiental para las actividades de prospección sísmica en el bloque 27 _bcaracterización dendrológica |
||
| 260 |
_aColombia. _bCity Oriente. _c1995 |
||
| 300 | _a60 p. | ||
| 650 |
_aImpacto ambiental _992215 |
||
| 650 |
_aDendrología _93762 |
||
| 650 |
_aBosque húmedo tropical _93501 |
||
| 650 |
_aInteracción planta-animal _97459 |
||
| 650 |
_aDispersión _97460 |
||
| 650 |
_aPredación _98963 |
||
| 650 |
_aSemillas _942118 |
||
| 650 |
_aFauna _942119 |
||
| 650 |
_aVegetación _942120 |
||
| 650 |
_aUso de biodiversidad _9343 |
||
| 650 |
_aInventarios _992201 |
||
| 942 |
_cINFORME _2z |
||
| 999 |
_c2061 _d2061 |
||